[Event "Moscow op-B"]
[Site "Moscow"]
[Date "2009.02.05"]
[Round "6"]
[White "Borisovsky, Viktor"]
[Black "Kalinin, Anatoly"]
[Result "1-0"]
[WhiteElo "2041"]
[BlackElo "2293"]
[PlyCount "81"]
[EventDate "2009.01.31"]
[EventType "swiss"]
[EventRounds "9"]
[EventCountry "RUS"]
[SourceTitle "EXT 2012"]
[Source "ChessBase"]
[SourceDate "2011.11.24"]
[SourceVersion "1"]
[SourceVersionDate "2011.11.24"]
[SourceQuality "1"]

1. d4 d5 2. c4 e6 3. Nc3 c6 4. e4 dxe4 5. Nxe4 Nf6 6. Nc3 Bd6 7. Nf3 0-0 8. Bd3 Nbd7 9. 0-0 e5 10. d5 cxd5 11. cxd5 a6 12. Bg5 h6 13. Bh4 Qb6 14. Qe2 Re8 15. Nd2 Qd4 16. Nde4 Nxe4 17. Bxe4 Nf8 18. Rfd1 Qa7 19. Qh5 b5 20. Rd3 b4 21. Ne2 f5 22. Qxe8 fxe4 23. Rg3 Kh7 24. Rc1 Bf5 25. Qc6 Qb8 26. Rb3 g5 27. Bg3 a5 28. a4 Ra7 29. Qb5 Qa8 30. Nd4 Bd7 31. Nc6 Rc7 32. Qe2 Bf5 33. f3 exf3 34. Rxf3 Bg6 35. Bxe5 Bxe5 36. Qxe5 Rg7 37. Qb8 Qxb8 38. Nxb8 Nd7 39. Nxd7 Rxd7 40. Rc5 Be4 41. Re3 1-0

[Event "Moscow op-B"]
[Site "Moscow"]
[Date "2009.02.01"]
[Round "3"]
[White "Kalinin, Anatoly"]
[Black "Dolbnia, Dmitry"]
[Result "1/2-1/2"]
[WhiteElo "2293"]
[BlackElo "2027"]
[PlyCount "78"]
[EventDate "2009.01.31"]
[EventType "swiss"]
[EventRounds "9"]
[EventCountry "RUS"]
[SourceTitle "EXT 2012"]
[Source "ChessBase"]
[SourceDate "2011.11.24"]
[SourceVersion "1"]
[SourceVersionDate "2011.11.24"]
[SourceQuality "1"]

1. d4 d5 2. Nf3 Nf6 3. c4 e6 4. Nc3 Nbd7 5. Bg5 c6 6. cxd5 exd5 7. e3 Be7 8. Bd3 0-0 9. Qc2 Re8 10. 0-0 Nf8 11. Rae1 Ne4 12. Bxe7 Qxe7 13. Nd2 Bf5 14. Nb3 Qg5 15. f3 Nxc3 16. bxc3 Bxd3 17. Qxd3 Ng6 18. g3 h5 19. Kh1 h4 20. g4 h3 21. Rg1 Qh4 22. Qd2 Re7 23. Nc5 Rae8 24. Nd3 b6 25. Rg3 c5 26. f4 Qf6 27. f5 c4 28. fxg6 cxd3 29. gxf7+ Rxf7 30. Qxd3 Qf2 31. Qd1 Rf3 32. Qxf3 Qxe1+ 33. Rg1 Qxe3 34. Qxd5+ Kh8 35. c4 Re4 36. Rf1 Rf4 37. Qd8+ Kh7 38. Qh4+ Kg8 39. Qd8+ Kh7 1/2-1/2

[Event "Korolev-ch"]
[Site "Korolev"]
[Date "2000.??.??"]
[Round "7"]
[White "Kalinin, Anatoly"]
[Black "Salishchev, Yury Kirillovich"]
[Result "0-1"]
[WhiteElo "2360"]
[BlackElo "2254"]
[PlyCount "70"]
[EventDate "2000.??.??"]
[EventType "swiss"]
[EventRounds "9"]
[EventCountry "RUS"]
[SourceTitle "EXT 2006"]
[Source "ChessBase"]
[SourceDate "2005.11.24"]
[SourceVersion "1"]
[SourceVersionDate "2005.11.24"]
[SourceQuality "1"]

1. d4 e6 2. c4 Bb4+ 3. Nc3 Nf6 4. Qc2 c5 5. Nf3 Nc6 6. e3 b6 7. Be2 Bb7 8. 0-0 Bxc3 9. bxc3 Ne7 10. Nd2 Qc7 11. e4 Ng6 12. d5 0-0 13. g3 Rfe8 14. f4 b5 15. dxe6 Rxe6 16. f5 Rxe4 17. Nxe4 Bxe4 18. Bd3 Bxd3 19. Qxd3 Ne5 20. Qe2 Nxc4 21. a4 Re8 22. Qd3 a6 23. axb5 axb5 24. Rd1 h6 25. Qf3 d5 26. Ra6 Qe5 27. Rc6 d4 28. cxd4 cxd4 29. Qd3 Qd5 30. Rc7 Ne5 31. Qc2 d3 32. Qg2 Nf3+ 33. Kf1 Ng4 34. Qb2 Nfxh2+ 35. Kg1 Qf3 0-1

[Event "Korolev-ch"]
[Site "Korolev"]
[Date "2000.??.??"]
[Round "1"]
[White "Kalinin, Anatoly"]
[Black "Zolotarski, Vladimir T"]
[Result "1-0"]
[WhiteElo "2360"]
[BlackElo "2103"]
[PlyCount "90"]
[EventDate "2000.??.??"]
[EventType "swiss"]
[EventRounds "9"]
[EventCountry "RUS"]
[SourceTitle "EXT 2006"]
[Source "ChessBase"]
[SourceDate "2005.11.24"]
[SourceVersion "1"]
[SourceVersionDate "2005.11.24"]
[SourceQuality "1"]

1. Nf3 Nf6 2. c4 e6 3. g3 d5 4. Bg2 c6 5. b3 Nbd7 6. 0-0 Be7 7. Bb2 Qc7 8. Nc3 0-0 9. d3 Rd8 10. Qc2 h6 11. Rac1 a6 12. Rfd1 Qb6 13. e4 dxe4 14. dxe4 Qc7 15. Qe2 e5 16. Na4 Re8 17. c5 Bf8 18. Nd2 Rb8 19. h3 Kh8 20. Qe3 b5 21. cxb6 Nxb6 22. Nxb6 Qxb6 23. Qxb6 Rxb6 24. Nc4 Rb5 25. Nd6 Bxd6 26. Rxd6 Bb7 27. f3 a5 28. Bf1 Rb6 29. Bc3 Ra8 30. Bxe5 Ne8 31. Rd7 Ba6 32. Bd4 Rb7 33. Rxb7 Bxb7 34. a4 Nc7 35. Bb6 Ne6 36. Kf2 Nf8 37. h4 Nd7 38. Be3 f6 39. Rc3 Ne5 40. Bb6 Kg8 41. Bh3 Kf7 42. f4 Ra6 43. Bc5 Ng6 44. Rd3 Nf8 45. Bxf8 Kxf8 1-0

[Event "Korolev-ch"]
[Site "Korolev"]
[Date "2000.??.??"]
[Round "3"]
[White "Kalinin, Anatoly"]
[Black "Zudov, Oleg"]
[Result "1/2-1/2"]
[WhiteElo "2360"]
[BlackElo "2326"]
[PlyCount "132"]
[EventDate "2000.??.??"]
[EventType "swiss"]
[EventRounds "9"]
[EventCountry "RUS"]
[SourceTitle "EXT 2006"]
[Source "ChessBase"]
[SourceDate "2005.11.24"]
[SourceVersion "1"]
[SourceVersionDate "2005.11.24"]
[SourceQuality "1"]

1. Nf3 c5 2. c4 g6 3. d4 cxd4 4. Nxd4 Nc6 5. e4 Nf6 6. Nc3 Bg7 7. Nxc6 dxc6 8. Qxd8+ Kxd8 9. Bf4 Nd7 10. 0-0-0 e5 11. Be3 Kc7 12. Kc2 f5 13. exf5 gxf5 14. f4 Bh6 15. Be2 exf4 16. Bd4 Re8 17. Rhe1 b6 18. Bh5 Rxe1 19. Rxe1 Bg5 20. Bf3 Bb7 21. Be5+ Nxe5 22. Rxe5 Rf8 23. b4 Kd6 24. Re2 Rf7 25. Re8 Ba6 26. b5 cxb5 27. Nxb5+ Bxb5 28. cxb5 Rc7+ 29. Kd3 Rc5 30. Bc6 Bf6 31. Rf8 Ke7 32. Rb8 Rc3+ 33. Kd2 Ra3 34. Rb7+ Kd6 35. Rxh7 Rxa2+ 36. Kd3 Ra1 37. h4 a6 38. Rh6 Ke5 39. bxa6 Rxa6 40. Rh7 Kd6 41. Bf3 b5 42. Rb7 Ra3+ 43. Kc2 Bxh4 44. Rxb5 Ke6 45. Bd5+ Kf6 46. Kd2 Re3 47. Bc6 Be1+ 48. Kd1 Bc3 49. Bb7 Re5 50. Rb6+ Kg5 51. Bf3 Bd4 52. Rd6 Be3 53. Rc6 Rc5 54. Ra6 Kh4 55. Rg6 Rc1+ 56. Ke2 Rc2+ 57. Ke1 Rc1+ 58. Bd1 Rb1 59. Rg8 Rb2 60. Ba4 Bf2+ 61. Kd1 Be3 62. Bc2 Rb5 63. Ke2 Rb7 64. Kd3 Bf2 65. Kc3 Rb5 66. Bd3 Re5 1/2-1/2

[Event "Korolev-ch"]
[Site "Korolev"]
[Date "2000.??.??"]
[Round "8"]
[White "Zheleznikov, Alexey"]
[Black "Kalinin, Anatoly"]
[Result "0-1"]
[WhiteElo "2302"]
[BlackElo "2360"]
[PlyCount "76"]
[EventDate "2000.??.??"]
[EventType "swiss"]
[EventRounds "9"]
[EventCountry "RUS"]
[SourceTitle "EXT 2006"]
[Source "ChessBase"]
[SourceDate "2005.11.24"]
[SourceVersion "1"]
[SourceVersionDate "2005.11.24"]
[SourceQuality "1"]

1. e4 c6 2. d4 d5 3. e5 Bf5 4. Nf3 e6 5. Bd3 Bg4 6. h3 Bxf3 7. Qxf3 Qb6 8. c3 Nd7 9. 0-0 c5 10. Qe3 Ne7 11. b3 Nc6 12. Bb2 Be7 13. Nd2 0-0 14. Kh2 Rae8 15. f4 cxd4 16. cxd4 f6 17. Rac1 fxe5 18. fxe5 Ncxe5 19. Bb1 Nf7 20. Qd3 g6 21. Nf3 Qd6+ 22. Kh1 a6 23. Rce1 Bd8 24. Ne5 Nfxe5 25. dxe5 Rxf1+ 26. Qxf1 Qe7 27. Qf4 Qh4 28. Qe3 Bg5 29. Qe2 Bf4 30. Qf1 Qg3 31. Qg1 Rc8 32. Bd4 Qxe1 33. Qxe1 Rc1 34. Qxc1 Bxc1 35. g4 Bh6 36. Kg2 Bg7 37. Kf3 Bxe5 38. Be3 Kf7 0-1

[Event "Korolev-ch"]
[Site "Korolev"]
[Date "1999.??.??"]
[Round "7"]
[White "Baranov, Ilja"]
[Black "Kalinin, Anatoly"]
[Result "1-0"]
[WhiteElo "2270"]
[BlackElo "2376"]
[PlyCount "88"]
[EventDate "1999.??.??"]
[EventType "swiss"]
[EventRounds "9"]
[EventCountry "RUS"]
[SourceTitle "EXT 2006"]
[Source "ChessBase"]
[SourceDate "2005.11.24"]
[SourceVersion "1"]
[SourceVersionDate "2005.11.24"]
[SourceQuality "1"]

1. d4 d5 2. Nf3 Nf6 3. c4 c6 4. Nc3 e6 5. Bg5 Be7 6. e3 0-0 7. Qc2 Nbd7 8. Rd1 b6 9. Bd3 Bb7 10. cxd5 exd5 11. 0-0 h6 12. Bh4 Re8 13. a3 Ne4 14. Bxe7 Qxe7 15. Nd2 Ndf6 16. Rde1 Rac8 17. Ndxe4 dxe4 18. Bc4 c5 19. d5 Qe5 20. f4 exf3 21. Rxf3 a6 22. a4 Re7 23. Ba2 Rd8 24. Rf5 Qd6 25. h3 Bc8 26. Rf3 Qe5 27. e4 Rd6 28. Rfe3 Nd7 29. Nb1 Qd4 30. Nd2 Ne5 31. a5 Qb4 32. axb6 Rxb6 33. Nc4 Nxc4 34. Bxc4 Re5 35. R1e2 Bd7 36. Rb3 Qa5 37. Ra3 Qb4 38. Bxa6 f5 39. Bc4 Bb5 40. Ra8+ Kh7 41. Bxb5 Qd4+ 42. Kh1 Rxb5 43. Ra4 Rb4 44. Rxb4 cxb4 1-0

[Event "Korolev-ch"]
[Site "Korolev"]
[Date "1999.??.??"]
[Round "8"]
[White "Kalinin, Anatoly"]
[Black "Kirov, Alexandr"]
[Result "1-0"]
[WhiteElo "2376"]
[BlackElo "2255"]
[PlyCount "105"]
[EventDate "1999.??.??"]
[EventType "swiss"]
[EventRounds "9"]
[EventCountry "RUS"]
[SourceTitle "EXT 2006"]
[Source "ChessBase"]
[SourceDate "2005.11.24"]
[SourceVersion "1"]
[SourceVersionDate "2005.11.24"]
[SourceQuality "1"]

1. c4 e6 2. Nf3 d5 3. d4 Nf6 4. Nc3 Be7 5. Bf4 c6 6. e3 Nbd7 7. Qc2 h6 8. h3 dxc4 9. Bxc4 Nd5 10. Bh2 Nxc3 11. bxc3 Nb6 12. Bd3 Nd5 13. e4 Nf6 14. 0-0 0-0 15. Rfd1 Qa5 16. Ne5 Rd8 17. Nc4 Qg5 18. Ne5 Nd7 19. f4 Qh4 20. g3 Qxh3 21. Bf1 Qh5 22. Be2 Qh3 23. Bg4 Nxe5 24. Bxh3 Nc4 25. Rd3 b6 26. Bf1 Bb7 27. Bg2 b5 28. Kh1 Rd7 29. Bg1 a5 30. g4 a4 31. e5 Rad8 32. Rh3 Na3 33. Qe2 g6 34. Rxh6 Kg7 35. Rh2 Rh8 36. Rxh8 Kxh8 37. Be4 Rd8 38. Kg2 b4 39. cxb4 Nb5 40. Qd2 f5 41. gxf5 gxf5 42. Bf3 Rg8+ 43. Kf1 Ba6 44. Be2 Bb7 45. Bf2 Rg7 46. Rc1 Rh7 47. Rc5 Kg8 48. Bc4 Kf7 49. Qd3 Nc7 50. Qxf5+ Kg7 51. Bxe6 Ba6+ 52. Kg2 Bxc5 53. Qf6# 1-0